000 00588pam a2200217 a 4500
001 4314696
005 20180130054052.0
008 871027s1988 ilua b 001 0 eng
010 _a 87031673
020 _a0873229231 (pbk.)
040 _aDLC
_cDLC
_dDLC
041 _aeng
080 _a613.71
082 0 0 _a613.71 KIN
_219
100 1 _a8
101 _aEGZF
245 1 0 _aFull figure fitness :
_cBonnie D. Kingsbury.
504 _aBibliography: p. 75-76.
906 _a7
_bcbc
_corignew
_d1
_eocip
_f19
_gy-gencatlg
942 _2ddc
_cBK
999 _c41276
_d41276